000 00275nam a22000977a 4500
999 _c519511
_d519511
082 _aTNC I5 R181
100 _aRapaport,David
_930600
245 _aOrganization and pathology of thought :
_bSelected sources
_cDavid Rapaport
260 _aNew Delhi
_bOxford
_c1951
300 _a786p.